Estudio de prefactibilidad para la inserción de una línea de producción de forros para asientes de vehículos de dos y cuatro ruedas en la empresa Servimaster Estelí
Presenta un estudio de prefactibilidad para la inserción de una línea de producción de forros para asientes de vehículos de dos y cuatro ruedas en la empresa Servimaster en el cual se realizó un estudio de mercado con el objetivo de establecer la demanda, oferta y canales de distribución así...
| Main Authors: | , , |
|---|---|
| Other Authors: | |
| Format: | Tesis Section = Libro |
| Language: | Undetermined Spanish |
| Published: |
Estelí
UNI/RUACS
2017
|
| Subjects: |
| LEADER | 01461nam a2200289Ia 4500 | ||
|---|---|---|---|
| 008 | 240830s9999 xx 000 0 und d | ||
| 040 | |a BIBLIOTECA-RUPAP Mon 658.404 B858 | ||
| 041 | |a spa | ||
| 082 | |a Mon 658.404 B858 | ||
| 100 | 1 | |a Briones Chavarría, Kevin | |
| 100 | 1 | |b Rúgame Ruiz, Carlos Francisco | |
| 100 | 1 | |c Bustillo González, Edgar Osman | |
| 245 | 1 | 0 | |a Estudio de prefactibilidad para la inserción de una línea de producción de forros para asientes de vehículos de dos y cuatro ruedas en la empresa Servimaster Estelí |
| 260 | |a Estelí |b UNI/RUACS |c 2017 | ||
| 300 | |a 115 p. :il. | ||
| 500 | |a Contiene anexos y CD | ||
| 502 | |a Tesis (Ingeniero Industrial)- UNI, 2017. | ||
| 520 | 3 | |a Presenta un estudio de prefactibilidad para la inserción de una línea de producción de forros para asientes de vehículos de dos y cuatro ruedas en la empresa Servimaster en el cual se realizó un estudio de mercado con el objetivo de establecer la demanda, oferta y canales de distribución así como la determinación del sistema de producción, maquinaria, localización y distribución mediante la aplicación de un estudio técnico. | |
| 650 | 7 | |a PRODUCCIO DE FORROS DE VEHICULOS | |
| 650 | 7 | |b ESTUDIO DE FACTIBILIDAD | |
| 650 | 7 | |c ESTUDIO DE MERCADO | |
| 650 | 7 | |d ESTUDIO FINANCIERO | |
| 650 | 7 | |e PRESUPUESTO | |
| 700 | 1 | |a Tutor: |b Dicovskiy Riobóo, Luis María | |
| 942 | |c BK |2 ddc | ||
| 991 | |a TESIS | ||
| 999 | |c 17323 | ||